000 00265nam a22001217a 4500
008 181207b xxu||||| |||| 00| 0 eng d
041 _aeng
080 _a370
100 _a49
101 _aEDU
245 _aHarbrace College Handbook
_cJohn.C.H
942 _2udc
_cBK
999 _c52990
_d52990